| 000 | 00496nam a2200181Ia 4500 | ||
|---|---|---|---|
| 008 | 140527s9999 xx 000 0 und d | ||
| 020 | _a9781259073380 | ||
| 050 |
_aP 90 _b.G875 2013 |
||
| 100 | _aGriffin, Em. | ||
| 245 | 2 |
_aA first look at communication theory / _cEm Griffin |
|
| 250 | _a8th ed. | ||
| 260 |
_aNew York : _bMcGraw-Hill, _cc2013. |
||
| 300 |
_a486 p. : _bill. ; _c26 cm. |
||
| 500 | _aIncludes appendices and index. | ||
| 521 | _aMC | ||
| 942 |
_kFOR _cBK |
||
| 999 |
_c117445 _d117445 |
||